|
|
|
|
| LEADER |
03206nam a2200685 4500 |
| 001 |
ocn773301854 |
| 003 |
OCoLC |
| 005 |
20170124072429.6 |
| 006 |
m o d |
| 007 |
cr cn||||||||| |
| 008 |
120119s2012 enk obf 001 0 eng d |
| 040 |
|
|
|a DG1
|b eng
|e pn
|c DG1
|d CDX
|d E7B
|d VP@
|d YDXCP
|d OCLCQ
|d OCLCF
|d OCLCA
|d OCLCQ
|d OCLCO
|d NLGGC
|d OCL
|d OCLCQ
|d COO
|d OCLCQ
|d DEBBG
|d AZK
|d GrThAP
|
| 019 |
|
|
|a 778421627
|a 778431642
|a 839376244
|a 961569107
|a 962680151
|
| 020 |
|
|
|a 9781119962168
|q (electronic bk.)
|
| 020 |
|
|
|a 1119962161
|q (electronic bk.)
|
| 020 |
|
|
|a 9780470655566
|q (Paper)
|
| 020 |
|
|
|a 0470655569
|q (Paper)
|
| 020 |
|
|
|a 9781119962137
|q (e-book)
|
| 020 |
|
|
|a 1119962137
|q (e-book)
|
| 024 |
8 |
|
|a 9786613404923
|
| 029 |
1 |
|
|a AU@
|b 000049014126
|
| 029 |
1 |
|
|a DEBBG
|b BV040093712
|
| 029 |
1 |
|
|a DKDLA
|b 820120-katalog:000600611
|
| 029 |
1 |
|
|a NLGGC
|b 356485099
|
| 029 |
1 |
|
|a NZ1
|b 14976151
|
| 029 |
1 |
|
|a DEBBG
|b BV043394015
|
| 035 |
|
|
|a (OCoLC)773301854
|z (OCoLC)778421627
|z (OCoLC)778431642
|z (OCoLC)839376244
|z (OCoLC)961569107
|z (OCoLC)962680151
|
| 037 |
|
|
|a 10.1002/9781119962168
|b Wiley InterScience
|n http://www3.interscience.wiley.com
|
| 050 |
|
4 |
|a RC683.5.E5
|b K87 2012
|
| 060 |
|
4 |
|a WG 39
|
| 082 |
0 |
4 |
|a 616.1/207547
|2 23
|
| 049 |
|
|
|a MAIN
|
| 100 |
1 |
|
|a Kusumoto, Fred.
|
| 245 |
1 |
0 |
|a ECG interpretation for everyone :
|b an on-the-spot guide /
|c Fred Kusumoto and Pam Bernath.
|
| 264 |
|
1 |
|a Chichester, West Sussex :
|b Wiley-Blackwell,
|c 2012.
|
| 300 |
|
|
|a 1 online resource (1 volume)
|
| 336 |
|
|
|a text
|b txt
|2 rdacontent
|
| 337 |
|
|
|a computer
|b c
|2 rdamedia
|
| 338 |
|
|
|a online resource
|b cr
|2 rdacarrier
|
| 347 |
|
|
|a data file
|2 rda
|
| 380 |
|
|
|a Bibliography
|
| 380 |
|
|
|a Handbook
|
| 504 |
|
|
|a Includes bibliographical references and index.
|
| 505 |
0 |
|
|a Technical issues -- The normal ECG -- ECG interpretation basics -- Abnormal repolarization : ST segment elevation -- Abnormal repolarization: ST segment depression -- Abnormal repolarization : T wave changes and the QT interval -- Abnormal depolarization : prominent R wave in V1 -- Abnormal depolarization : wide QRS complexes and Q waves -- Arrhythmias : normal rates and skips -- Arrhythmias : bradycardia -- Arrhythmias : tachycardia -- Arrhythmias : pacing -- Clinical use of the ECG : stress testing -- Clinical use of the ECG : clinical problems.
|
| 588 |
0 |
|
|a Print version record.
|
| 650 |
|
0 |
|a Electrocardiography
|v Handbooks, manuals, etc.
|
| 650 |
|
0 |
|a Electrocardiography
|v Atlases.
|
| 650 |
|
7 |
|a Electrocardiography.
|2 fast
|0 (OCoLC)fst00906349
|
| 650 |
1 |
2 |
|a Electrocardiography
|v Atlases.
|
| 650 |
1 |
2 |
|a Electrocardiography
|v Handbooks.
|
| 655 |
|
2 |
|a Atlases.
|
| 655 |
|
2 |
|a Handbooks.
|
| 655 |
|
4 |
|a Electronic books.
|
| 655 |
|
7 |
|a Atlases.
|2 fast
|0 (OCoLC)fst01423875
|
| 655 |
|
7 |
|a Handbooks and manuals.
|2 fast
|0 (OCoLC)fst01423877
|
| 700 |
1 |
|
|a Bernath, Pam.
|
| 710 |
2 |
|
|a Wiley InterScience (Online service)
|
| 776 |
0 |
8 |
|i Print version:
|a Kusumoto, Fred.
|t ECG interpretation for everyone.
|d Chichester, West Sussex : Wiley-Blackwell, 2012
|z 9780470655566
|w (DLC) 2011030261
|w (OCoLC)741999181
|
| 856 |
4 |
0 |
|u https://doi.org/10.1002/9781119962168
|z Full Text via HEAL-Link
|
| 994 |
|
|
|a 92
|b DG1
|